Statistiques concernant 100 BARS DE BREST

Cliquez ici pour prendre le quiz!

Statistiques générales

  • Ce quiz a été pris 85 fois
  • Le résultat moyen est 11 sur 100

Statistiques - réponses

Réponse% Correct
Le 54
74%
La Gua
56%
Casa Havana
52%
Delirium
49%
The Dubliners
48%
Cocorico
41%
THE BLIND PIPER
38%
Ma Target
36%
Le Tour du Monde
34%
La Base
33%
Oyster Bar
30%
Coco's Bar
28%
L'open bar
28%
Pipeline
26%
Tara inn
26%
Pub Hamilton
25%
Happy Café
23%
Greenwich
21%
Tír na nÓg
21%
Le Pénalty
20%
Baroombar
18%
Les Fauvettes
16%
Les Tontons Zingueurs
16%
Le QG
15%
Le Tortuga
15%
The Dylan's Pub
15%
La Source
13%
Le Trimaran
13%
Loco Loca
13%
Shark Poule
13%
Au Bureau
11%
La Javanaise
11%
La Raskette
11%
Le Balto
11%
Le Gueule De Bois
11%
Les Quatre Vents
11%
La Coloc' Brest
10%
L'annexe
10%
We Want Beer
10%
Winchester
10%
Le Triskell Bihan
8%
Mc Guigan's
8%
The Cottage
8%
Café de La Plage
7%
Chez Müller
7%
Le Mouton À Cinq Pattes
7%
L'horizon sonore
7%
Ty Kall
7%
Le Barado'zic
5%
Le Central
5%
Le Comix
5%
Le Derby
5%
Le Lafayette
5%
Le Montparnasse
5%
Le Nemrod
5%
Le Score
5%
Le Tudor
5%
FONO Drinks & Records
3%
La Chope
3%
Le Bistrot de Paris
3%
Le Montaigne
3%
Le Rade De Brest
3%
Locus
3%
Bistrot Houblon
2%
Café de l'océan
2%
Café des mouettes
2%
Chope et Compagnie
2%
DE LA CAVE AU COMPTOIR
2%
Jabadao
2%
Le bar à vins
2%
Le Centre
2%
Le Conti
2%
Le Kenta
2%
Le Manhattan
2%
Le Pin's
2%
Le Royal
2%
L'Estaminet
2%
Le Victor Hugo
2%
Quai 12
2%
L'antre 2
0%
La Presqu'ile
0%
La Rotonde
0%
La Souris Verte
0%
La Villette
0%
Le Beaumanoir
0%
LE BRIGANTIN
0%
Le Deauville
0%
Le Diplomate
0%
Le Django
0%
Le Keravilin
0%
Le Kerichen
0%
Le Naji
0%
Le Pacha
0%
LE SAVANE
0%
Le Tavaillon
0%
Le Voltaire
0%
L' Insulaire
0%
L'Iroise
0%
Mathlena
0%
Saint Martin
0%

Distribution des résultats

Percentile par nombre de réponses

% des personnes avec chaque résultat

Votre développement - résultats

Vous n’avez pas pris ce quiz